| 000 | 00369nam a2200157Ia 4500 | ||
|---|---|---|---|
| 008 | 230711s9999||||xx |||||||||||||| ||und|| | ||
| 041 | _aENG | ||
| 082 |
_a720 _bSU-S |
||
| 100 | _aSunset Books ed | ||
| 245 | 0 | _aSunset Idea for great home office | |
| 250 | _a1st | ||
| 260 |
_c1995 _aCalifornia _bSunset Books |
||
| 300 | _a127 | ||
| 650 | _aArchitecture | ||
| 942 | _cBK | ||
| 999 |
_c4945 _d4945 |
||